[Event "VIII Festival A"]
[Site "Montecatini Terme ITA"]
[Date "1999.08.03"]
[Round "4"]
[White "Dervishi, Erald"]
[Black "Martorelli, Antonio"]
[Result "1-0"]
[WhiteElo "2496"]
[BlackElo "2322"]
[PlyCount "75"]
[EventDate "1999.07.31"]

1.e4 c5 2.Nf3 e6 3.d4 cxd4 4.Nxd4 a6 5.Bd3 Nf6 6.O-O Qc7 7.c4 Nc6 8.Nxc6 
dxc6 9.Be3 e5 10.f3 Nd7 11.Kh1 Bc5 12.Bd2 Nf6 13.Nc3 h5 14.Ne2 Qd6 15.Qc2 
h4 16.Be1 Be6 17.Rd1 g5 18.Qd2 g4 19.b4 Ba7 20.c5 Qe7 21.fxg4 h3 22.g3 
Nxg4 23.Ng1 O-O-O 24.Qe2 Bb8 25.Nf3 f5 26.exf5 Bd5 27.Kg1 Rd7 28.f6 Qxf6 
29.Nh4 Qg7 30.Nf3 Qg8 31.Be4 Bc4 32.Bd3 Bxa2 33.Bc3 Bb3 34.Rde1 Nf6 35.
Bxe5 Bxe5 36.Qxe5 Qd5 37.Nd4 Ba4 38.Bf5 1-0

[Event "VIII Festival A"]
[Site "Montecatini Terme ITA"]
[Date "1999.08.03"]
[Round "4"]
[White "Fabiano, Giuseppe"]
[Black "Efimov, Igor"]
[Result "0-1"]
[WhiteElo "2293"]
[BlackElo "2445"]
[PlyCount "70"]
[EventDate "1999.07.31"]

1.d4 Nf6 2.Nf3 d6 3.c4 g6 4.Nc3 Bg7 5.e4 O-O 6.Be2 c5 7.d5 e6 8.Bg5 h6 9.
Bh4 exd5 10.cxd5 a6 11.a4 g5 12.Bg3 Nh5 13.O-O Nxg3 14.hxg3 f5 15.exf5 
Bxf5 16.Bd3 Nd7 17.Bxf5 Rxf5 18.Qc2 Qf8 19.Ne4 Ne5 20.Nxe5 Bxe5 21.g4 Rf4 
22.g3 Rf7 23.Rae1 Qg7 24.Re2 b5 25.axb5 axb5 26.Qb3 b4 27.Rfe1 Raf8 28.
Nxc5 Rf3 29.Qc4 Bxg3 30.Ne6 Qa7 31.Nxf8 Bxf2+ 32.Kg2 Rg3+ 33.Kh2 Bxe1 34.
Rg2 Rxg2+ 35.Kxg2 Qf2+ 0-1

[Event "VIII Festival A"]
[Site "Montecatini Terme ITA"]
[Date "1999.08.03"]
[Round "4"]
[White "Farago, Ivan"]
[Black "Zaitsev, Vadim"]
[Result "0-1"]
[WhiteElo "2512"]
[BlackElo "2411"]
[PlyCount "120"]
[EventDate "1999.07.31"]

1.d4 Nf6 2.c4 g6 3.Nc3 Bg7 4.e4 d6 5.Be2 O-O 6.Bg5 c5 7.d5 b5 8.cxb5 a6 9.
a4 Qa5 10.Bd2 Qb4 11.Bd3 c4 12.Bc2 Nbd7 13.Nge2 Ne5 14.O-O Nd3 15.b3 Ng4 
16.bxc4 Qxc4 17.Bxd3 Qxd3 18.Bg5 Qc4 19.Bxe7 Bxc3 20.Rc1 Qxe4 21.Bxf8 Be5 
22.h3 Nh2 23.f4 Nxf1 24.Qxf1 Bd4+ 25.Kh2 Be3 26.Bh6 Bxc1 27.Qxc1 Bxh3 28.
Qf1 Qxd5 29.gxh3 Re8 30.Ng3 Qd2+ 31.Qg2 Qxg2+ 32.Kxg2 axb5 33.axb5 f5 34.
Kf3 Rb8 35.Bg5 Kf7 36.Ne2 Rxb5 37.Nd4 Ra5 38.Bh4 h6 39.Bf2 g5 40.Be3 Kg6 
41.Nc6 Rb5 42.Nd4 Rb4 43.Kg3 Ra4 44.Nf3 Ra3 45.Bc1 Rc3 46.Bd2 Rd3 47.Bc1 
Kh5 48.Kg2 Rc3 49.Bd2 Rc2 50.fxg5 hxg5 51.Kg3 g4 52.hxg4+ fxg4 53.Bb4 Rc4 
54.Bxd6 Rc3 55.Kg2 Rxf3 56.Bc7 Rd3 57.Be5 Kg5 58.Kf2 Kh4 59.Kg2 Rd2+ 60.
Kg1 Kh3 0-1

[Event "VIII Festival A"]
[Site "Montecatini Terme ITA"]
[Date "1999.08.03"]
[Round "4"]
[White "Godena, Michele"]
[Black "Estremera Panos, Sergio"]
[Result "1-0"]
[WhiteElo "2490"]
[BlackElo "2387"]
[PlyCount "78"]
[EventDate "1999.07.31"]

1.e4 c5 2.Nf3 Nc6 3.c3 e6 4.d4 d5 5.exd5 exd5 6.Bb5 Bd6 7.dxc5 Bxc5 8.O-O 
Ne7 9.Nbd2 Bg4 10.Nb3 Bb6 11.h3 Bh5 12.Re1 O-O 13.Be3 Bxe3 14.Rxe3 Nf5 15.
Re1 Nh4 16.Be2 Re8 17.Nxh4 Bxe2 18.Rxe2 Qxh4 19.Rd2 Rad8 20.Nd4 g6 21.Qf1 
Re4 22.Rad1 Nxd4 23.Rxd4 Qe7 24.Qd3 Re1+ 25.Kh2 Qd6+ 26.g3 Rxd1 27.Qxd1 b5
28.Qd3 Qc5 29.Kg2 h5 30.Qd2 Kg7 31.b3 Qc6 32.Kg1 Qf6 33.c4 bxc4 34.bxc4 
Rb8 35.cxd5 Rb1+ 36.Kg2 Qa6 37.Rd3 Qb6 38.d6 Rb2 39.Qc3+ Kh7 1-0

[Event "VIII Festival A"]
[Site "Montecatini Terme ITA"]
[Date "1999.08.03"]
[Round "4"]
[White "Iotti, Pierluigi"]
[Black "Mambrini, Augusto"]
[Result "1-0"]
[WhiteElo "2326"]
[BlackElo "2192"]
[PlyCount "101"]
[EventDate "1999.07.31"]

1.d4 d5 2.c4 dxc4 3.Nc3 Nf6 4.e4 e5 5.d5 c6 6.Bg5 Be7 7.Bxf6 Bxf6 8.Bxc4 
O-O 9.Nge2 b5 10.Bb3 Bb7 11.O-O Nd7 12.dxc6 Bxc6 13.Bd5 Bxd5 14.Nxd5 Nb6 
15.Nec3 Nxd5 16.Nxd5 Bg5 17.Qe2 a6 18.a4 Rb8 19.axb5 axb5 20.g3 Qd6 21.h4 
Bd8 22.Rfd1 Qg6 23.Kh2 Kh8 24.Ne3 Qxe4 25.Rd5 Bb6 26.Qg4 Qxg4 27.Nxg4 f6 
28.h5 Bd4 29.Ra5 Bxb2 30.Raxb5 Rxb5 31.Rxb5 Bd4 32.Kg2 h6 33.Rd5 Re8 34.
Nh2 Kg8 35.Nf3 Bb6 36.Nh4 Kf7 37.Nf5 Ke6 38.Nxg7+ Kxd5 39.Nxe8 Ke6 40.Ng7+
Kf7 41.Nf5 Ba5 42.Nxh6+ Ke6 43.g4 Bd2 44.Nf5 Kf7 45.Kf3 Bf4 46.Ke4 Bg5 47.
Kd5 Bf4 48.Kd6 Bd2 49.Kd7 Bg5 50.Nd6+ Kg7 51.Ke6 1-0

[Event "VIII Festival A"]
[Site "Montecatini Terme ITA"]
[Date "1999.08.03"]
[Round "4"]
[White "Komarov, Dimitri"]
[Black "Manca, Federico"]
[Result "1-0"]
[WhiteElo "2582"]
[BlackElo "2373"]
[PlyCount "113"]
[EventDate "1999.07.31"]

1.d4 Nf6 2.Nf3 g6 3.c4 c5 4.Nc3 cxd4 5.Nxd4 Bg7 6.e4 O-O 7.Be2 Nc6 8.Be3 
d6 9.O-O Bd7 10.Nb3 a5 11.Nd2 Ne8 12.Nf3 Nf6 13.Nd2 Ne8 14.Nd5 Nd4 15.Nf3 
Nxf3+ 16.Bxf3 Bc6 17.Qd2 e6 18.Nb6 Rb8 19.Rad1 Qe7 20.Qc2 f5 21.Rfe1 Nf6 
22.c5 fxe4 23.cxd6 Qf7 24.Be2 Nd5 25.Nxd5 exd5 26.f3 Rbe8 27.fxe4 Rxe4 28.
Bf3 Re5 29.Bf2 Rfe8 30.Qd2 Rxe1+ 31.Rxe1 Rxe1+ 32.Qxe1 Bf8 33.Qe5 Bg7 34.
Qe1 Bf8 35.Bg3 Qf5 36.h3 h5 37.Qxa5 h4 38.Bxh4 Qb1+ 39.Qe1 Qxe1+ 40.Bxe1 
Bxd6 41.Bf2 Be5 42.b4 Kg7 43.Bc5 Kf6 44.Kf2 Bb2 45.Be2 d4 46.Bd3 g5 47.b5 
Bd5 48.a4 Ke5 49.a5 Bc3 50.a6 bxa6 51.bxa6 Bd2 52.a7 Be3+ 53.Kf1 g4 54.
hxg4 Kf4 55.Be2 d3 56.Bxe3+ Kxe3 57.Bxd3 1-0

[Event "VIII Festival A"]
[Site "Montecatini Terme ITA"]
[Date "1999.08.03"]
[Round "4"]
[White "Korsunsky, Yuri"]
[Black "Del Rio Angelis, Salvador Gabriel"]
[Result "1/2-1/2"]
[WhiteElo "2418"]
[BlackElo "2471"]
[PlyCount "80"]
[EventDate "1999.07.31"]

1.d4 Nf6 2.c4 g6 3.Nc3 Bg7 4.e4 d6 5.Nf3 O-O 6.Be2 e5 7.dxe5 dxe5 8.Qxd8 
Rxd8 9.Bg5 c6 10.Nxe5 Re8 11.O-O-O Na6 12.Rd6 Be6 13.f3 h6 14.Bh4 g5 15.
Bg3 Nh5 16.Nd7 Rad8 17.Rhd1 Nxg3 18.hxg3 Bxd7 19.Rxd7 Rxd7 20.Rxd7 Nc5 21.
Rd2 Be5 22.Kc2 Bxg3 23.b4 Ne6 24.c5 a5 25.a3 axb4 26.axb4 Re7 27.Bc4 Nf4 
28.Bf1 Ne6 29.Kb3 Kf8 30.Kc4 Ke8 31.Ne2 Be5 32.g3 h5 33.Bh3 g4 34.Bg2 gxf3
35.Bxf3 Ng5 36.Bxh5 Nxe4 37.Rd3 Rd7 38.Rxd7 Kxd7 39.Bxf7 Nxg3 40.Nxg3 Bxg3
1/2-1/2

[Event "VIII Festival A"]
[Site "Montecatini Terme ITA"]
[Date "1999.08.03"]
[Round "4"]
[White "Laketic, Gojko"]
[Black "Marzano, Carlo"]
[Result "1-0"]
[WhiteElo "2418"]
[BlackElo "2233"]
[PlyCount "41"]
[EventDate "1999.07.31"]

1.d4 d6 2.e4 g6 3.c4 e5 4.Nf3 Bg7 5.Nc3 exd4 6.Nxd4 Nc6 7.Nxc6 bxc6 8.c5 
Ne7 9.Bc4 Be6 10.Bxe6 fxe6 11.Qf3 Rb8 12.O-O Bd4 13.cxd6 cxd6 14.Ne2 Bg7 
15.Nf4 Qd7 16.Qh3 e5 17.Ne6 Kf7 18.f4 exf4 19.Bxf4 Kg8 20.Rad1 Nc8 21.Bh6 
1-0

[Event "VIII Festival A"]
[Site "Montecatini Terme ITA"]
[Date "1999.08.03"]
[Round "4"]
[White "Razuvaev, Yuri S."]
[Black "Surjadnji, Aleksei"]
[Result "1-0"]
[WhiteElo "2559"]
[BlackElo "2429"]
[PlyCount "123"]
[EventDate "1999.07.31"]

1.c4 e6 2.d4 Nf6 3.Nf3 d5 4.g3 Be7 5.Bg2 O-O 6.O-O Nbd7 7.Qc2 c6 8.b3 b5 
9.c5 Ne4 10.Bb2 f5 11.Ne1 Bg5 12.Nd3 Qe8 13.e3 a5 14.a3 Ba6 15.b4 a4 16.
Re1 Bh6 17.f3 Nef6 18.Nd2 Qh5 19.Nf1 Rae8 20.Qe2 Bc8 21.Bc3 g5 22.h3 Qg6 
23.Rad1 Bg7 24.Ne5 Nxe5 25.dxe5 Nd7 26.f4 h5 27.Nd2 g4 28.hxg4 hxg4 29.Kf2
Kf7 30.Rh1 Rh8 31.e4 Nb8 32.Qd3 Bd7 33.exf5 exf5 34.Rdg1 Be6 35.Bd4 Na6 
36.Nf1 Nc7 37.Ne3 Rxh1 38.Rxh1 Rh8 39.Qb1 Rh5 40.Rxh5 Qxh5 41.Qh1 Qxh1 42.
Bxh1 Bf8 43.Bg2 Be7 44.Bf1 Ne8 45.Bd3 Ng7 46.Bc3 Ke8 47.Nc2 Kd7 48.Nd4 Bf8
49.Ke3 Be7 50.Nxb5 cxb5 51.Bxb5+ Kc7 52.Bxa4 Bd7 53.Bb3 Kc6 54.a4 Ne6 55.
Bd4 Kc7 56.Bxd5 Nxd4 57.Kxd4 Bxa4 58.Be6 Bc2 59.b5 Be4 60.Bd5 Bf3 61.b6+ 
Kb8 62.c6 1-0

[Event "VIII Festival A"]
[Site "Montecatini Terme ITA"]
[Date "1999.08.03"]
[Round "4"]
[White "Sarno, Spartaco"]
[Black "Gorelli Fagiolini, Marco"]
[Result "1/2-1/2"]
[WhiteElo "2373"]
[BlackElo "2206"]
[PlyCount "120"]
[EventDate "1999.07.31"]

1.c4 Nf6 2.Nf3 e6 3.g3 d5 4.b3 Be7 5.Bg2 O-O 6.O-O b6 7.Bb2 Bb7 8.e3 c5 9.
Qe2 Nc6 10.Rd1 Qc7 11.Nc3 Rad8 12.Rac1 Rfe8 13.cxd5 exd5 14.d4 Qb8 15.dxc5
Bxc5 16.Na4 Be7 17.Nd4 Nxd4 18.Bxd4 Ne4 19.Qb2 Bf8 20.Nc3 Rc8 21.Ne2 Rxc1 
22.Rxc1 Rc8 23.Nf4 Rxc1+ 24.Qxc1 Qd6 25.h4 Qc6 26.Qb2 Bc8 27.Bf3 f6 28.Kg2
Bd6 29.Be2 Bxf4 30.exf4 Nd6 31.f3 Nf5 32.Bf2 h5 33.Qd2 Qe6 34.Kg1 Bb7 35.
Bd3 Bc6 36.Qc3 Ne7 37.Kg2 Qd6 38.b4 Bd7 39.b5 Nf5 40.Qc2 Ne7 41.a4 Be6 42.
Qc3 Nf5 43.Qc2 Ne7 44.Qb2 Qc7 45.Qd4 Qd7 46.a5 Nc8 47.axb6 axb6 48.Qa1 Kf7
49.Qb1 Kg8 50.f5 Bf7 51.Qa1 Kf8 52.Qd4 Be8 53.g4 hxg4 54.fxg4 Na7 55.Qxb6 
Nxb5 56.h5 Qc6 57.Bc5+ Kg8 58.Qd8 Qd7 59.Qb8 Nc3 60.Qb3 Nb5 1/2-1/2

[Event "VIII Festival A"]
[Site "Montecatini Terme ITA"]
[Date "1999.08.03"]
[Round "4"]
[White "Sax, Gyula"]
[Black "Goloshchapov, Alexander"]
[Result "1/2-1/2"]
[WhiteElo "2588"]
[BlackElo "2519"]
[PlyCount "70"]
[EventDate "1999.07.31"]

1.e4 e6 2.d4 d5 3.Nc3 Bb4 4.e5 c5 5.a3 Bxc3+ 6.bxc3 Ne7 7.Qg4 O-O 8.Bd3 
Qa5 9.Bd2 Nbc6 10.Nf3 f5 11.exf6 Rxf6 12.Qh5 Nf5 13.g4 c4 14.gxf5 cxd3 15.
Rg1 Bd7 16.c4 Qc7 17.Bh6 Be8 18.Qh4 Rxh6 19.Qxh6 dxc4 20.cxd3 cxd3 21.Rd1 
Bg6 22.Rxg6 hxg6 23.Qxg6 Qa5+ 24.Kf1 Qxf5 25.Qxf5 exf5 26.Rxd3 Rd8 27.d5 
Rd6 28.Rb3 Nd8 29.Rd3 Nc6 30.Rb3 Na5 31.Rb5 b6 32.a4 Kf7 33.Ng5+ Kf6 34.f4
Nc4 35.Ke2 Rd8 1/2-1/2

[Event "VIII Festival A"]
[Site "Montecatini Terme ITA"]
[Date "1999.08.03"]
[Round "4"]
[White "Tocchioni, Doriano"]
[Black "Gaido, Paolo"]
[Result "1-0"]
[WhiteElo "2240"]
[BlackElo "2154"]
[PlyCount "87"]
[EventDate "1999.07.31"]

1.d4 Nf6 2.Bg5 g6 3.Bxf6 exf6 4.e3 f5 5.Ne2 d6 6.Nd2 Nd7 7.Nf4 Nf6 8.h4 h5
9.Nf3 Bh6 10.g3 Bxf4 11.gxf4 Be6 12.c4 c6 13.Qa4 O-O 14.Ng5 Qe7 15.Qa3 a6 
16.Rc1 Rfe8 17.Bg2 Rac8 18.O-O Nh7 19.Bf3 Nxg5 20.hxg5 Rcd8 21.d5 cxd5 22.
cxd5 Bc8 23.Qc3 b5 24.Qd4 Bb7 25.Kg2 Rc8 26.b4 Rc7 27.Rc6 Bxc6 28.dxc6 
Rec8 29.Rc1 Ra7 30.Bd5 Rac7 31.Kg3 Ra7 32.Rc2 Rac7 33.Rc1 Ra7 34.Rc2 Rac7 
35.f3 Ra7 36.e4 fxe4 37.Re2 Rac7 38.Rxe4 Qd8 39.Qc3 Ra7 40.Qe3 Qc7 41.f5 
gxf5 42.g6 Kg7 43.gxf7 Qd8 44.Re6 1-0

[Event "VIII Festival A"]
[Site "Montecatini Terme ITA"]
[Date "1999.08.03"]
[Round "4"]
[White "Zueger, Beat"]
[Black "Lagumina, Giulio"]
[Result "1-0"]
[WhiteElo "2434"]
[BlackElo "2281"]
[PlyCount "61"]
[EventDate "1999.07.31"]

1.c4 e6 2.Nf3 d5 3.d4 Nf6 4.g3 dxc4 5.Bg2 Nc6 6.Qa4 Bb4+ 7.Bd2 Bd6 8.Qxc4 
O-O 9.Bc3 Qe7 10.Ne5 Bxe5 11.dxe5 Nd5 12.O-O Bd7 13.Nd2 Rfd8 14.Nf3 Nxc3 
15.Qxc3 Qb4 16.Qc2 h6 17.e3 Qa5 18.Rfc1 Rac8 19.Qe4 Qb4 20.Qc2 Qb5 21.Qc3 
Ne7 22.a4 Qa6 23.b4 Nd5 24.Qa3 Qb6 25.e4 Qxb4 26.exd5 Qxa3 27.Rxa3 exd5 
28.Rac3 c6 29.Nd4 Re8 30.f4 f6 31.e6 1-0

[Event "VIII Festival A"]
[Site "Montecatini Terme ITA"]
[Date "1999.08.04"]
[Round "5"]
[White "Del Rio Angelis, Salvador Gabriel"]
[Black "Corvi, Marco"]
[Result "1-0"]
[WhiteElo "2471"]
[BlackElo "2308"]
[PlyCount "59"]
[EventDate "1999.07.31"]

1.e4 Nf6 2.e5 Nd5 3.d4 d6 4.Nf3 dxe5 5.Nxe5 g6 6.Bc4 c6 7.O-O Bg7 8.Nd2 
O-O 9.Ndf3 Nd7 10.Nd3 N7b6 11.Bb3 Bf5 12.Re1 Bxd3 13.Qxd3 a5 14.a3 a4 15.
Ba2 e6 16.Ng5 Qf6 17.c3 Qf5 18.Qg3 h6 19.Bb1 Qf6 20.Ne4 Qe7 21.Qh3 Kh7 22.
Bd3 Ra5 23.c4 Nf6 24.Bd2 Raa8 25.Qh4 Ng8 26.Bg5 Qd7 27.Rad1 Qxd4 28.Rd2 f5
29.Be3 fxe4 30.Bxd4 1-0

[Event "VIII Festival A"]
[Site "Montecatini Terme ITA"]
[Date "1999.08.04"]
[Round "5"]
[White "Efimov, Igor"]
[Black "Quinn, Mark Peter"]
[Result "0-1"]
[WhiteElo "2445"]
[BlackElo "2377"]
[PlyCount "74"]
[EventDate "1999.07.31"]

1.d4 d5 2.c4 c6 3.cxd5 cxd5 4.Nc3 Nc6 5.Bf4 Nf6 6.e3 e6 7.Bd3 Bd6 8.Bxd6 
Qxd6 9.f4 b6 10.Nf3 Bb7 11.O-O O-O 12.Ne5 Nb4 13.Bb1 Ne4 14.a3 Na6 15.Nb5 
Qe7 16.Bxe4 dxe4 17.Rc1 f6 18.Nc6 Qd7 19.Nbxa7 Nb8 20.f5 Nxc6 21.fxe6 Qd5 
22.Nxc6 Bxc6 23.Rxc6 Qxc6 24.Qb3 Rfe8 25.d5 Qc5 26.Rd1 Rad8 27.Rd4 Rd6 28.
h4 f5 29.Kh2 f4 30.Qd1 fxe3 31.b4 e2 32.Qa4 b5 33.bxc5 bxa4 34.cxd6 e1=Q 
35.d7 Qxh4+ 36.Kg1 Rb8 37.Rd1 Rb2 0-1

[Event "VIII Festival A"]
[Site "Montecatini Terme ITA"]
[Date "1999.08.04"]
[Round "5"]
[White "Estremera Panos, Sergio"]
[Black "Patelli, Alessandro"]
[Result "1-0"]
[WhiteElo "2387"]
[BlackElo "2225"]
[PlyCount "71"]
[EventDate "1999.07.31"]

1.d4 Nf6 2.c4 e6 3.Nf3 b6 4.Nc3 Bb4 5.Qc2 Bb7 6.a3 Bxc3+ 7.Qxc3 Ne4 8.Qc2 
d6 9.g3 Nd7 10.Bg2 Qc8 11.O-O O-O 12.b4 c5 13.Bb2 f5 14.dxc5 bxc5 15.b5 d5
16.a4 dxc4 17.Qxc4 Bd5 18.Qc2 Qb7 19.Ne5 Nxe5 20.Bxe5 Nd2 21.Qxd2 Bxg2 22.
Rfc1 Bd5 23.Rxc5 Rfc8 24.Rac1 Rxc5 25.Rxc5 Rc8 26.Rxc8+ Qxc8 27.f3 h6 28.
Qd4 Qb7 29.h4 a6 30.Kf2 axb5 31.axb5 Kh7 32.Qc5 Qd7 33.Ke3 Kg8 34.h5 Qe8 
35.Qc7 Qf8 36.b6 1-0

[Event "VIII Festival A"]
[Site "Montecatini Terme ITA"]
[Date "1999.08.04"]
[Round "5"]
[White "Everet, Alexandro"]
[Black "De Gleria, Francesco"]
[Result "0-1"]
[WhiteElo "2294"]
[BlackElo "2422"]
[PlyCount "86"]
[EventDate "1999.07.31"]

1.d4 Nf6 2.c4 g6 3.Nc3 Bg7 4.e4 d6 5.h3 O-O 6.Nf3 e5 7.dxe5 dxe5 8.Qxd8 
Rxd8 9.Be3 Nc6 10.Be2 Nd4 11.Bd1 Be6 12.Nd2 c6 13.O-O Nd7 14.Rb1 Nc5 15.b3
Rd7 16.Bxd4 Rxd4 17.Rb2 Rad8 18.Nf3 Rd3 19.Rc2 Nxe4 20.Nxe4 Rxd1 21.Nc5 
Bf5 22.Re2 Rxf1+ 23.Kxf1 b6 24.Ne4 Rd1+ 25.Ne1 Bxe4 26.Rxe4 f5 27.Re2 e4 
28.Rc2 Kf7 29.Ke2 Ra1 30.g3 g5 31.f3 Ke6 32.g4 h6 33.gxf5+ Kxf5 34.fxe4+ 
Kxe4 35.Nf3 Rh1 36.Rd2 Rxh3 37.Rd3 g4 38.Nd2+ Kf4 39.Rd7 Re3+ 40.Kf2 g3+ 
41.Kg1 Be5 42.Nf1 Re2 43.a4 c5 0-1

[Event "VIII Festival A"]
[Site "Montecatini Terme ITA"]
[Date "1999.08.04"]
[Round "5"]
[White "Goloshchapov, Alexander"]
[Black "Komarov, Dimitri"]
[Result "1/2-1/2"]
[WhiteElo "2519"]
[BlackElo "2582"]
[PlyCount "42"]
[EventDate "1999.07.31"]

1.e4 e6 2.d4 d5 3.Nc3 Nf6 4.Bg5 dxe4 5.Nxe4 Nbd7 6.Nxf6+ Nxf6 7.Nf3 c5 8.
Bc4 Qa5+ 9.c3 Be7 10.O-O O-O 11.Qe2 cxd4 12.cxd4 Bd7 13.Ne5 Bc6 14.Nxc6 
bxc6 15.Bf4 Rfd8 16.Rfd1 Bd6 17.Be5 Bxe5 18.dxe5 Nd7 19.f4 Nb6 20.Bd3 Nd5 
21.g3 Qb6+ 1/2-1/2

[Event "VIII Festival A"]
[Site "Montecatini Terme ITA"]
[Date "1999.08.04"]
[Round "5"]
[White "Gorbatov, Alexej"]
[Black "Schwenk, Andreas"]
[Result "1-0"]
[WhiteElo "2353"]
[BlackElo "2222"]
[PlyCount "113"]
[EventDate "1999.07.31"]

1.c4 f5 2.f4 Nf6 3.Nc3 e6 4.Nf3 d5 5.e3 c6 6.b3 Bd6 7.Bb2 O-O 8.Be2 Nbd7 
9.O-O Qe7 10.Nd4 Ne4 11.Bf3 Ndf6 12.g3 Nxc3 13.Bxc3 Kh8 14.Bg2 dxc4 15.
bxc4 e5 16.fxe5 Bxe5 17.Qc2 Qc5 18.Qb3 a5 19.a4 Ne4 20.Bxe4 fxe4 21.Rxf8+ 
Qxf8 22.Rf1 Qg8 23.Nf5 Bxf5 24.Rxf5 Bxc3 25.Qxc3 Qe6 26.Rg5 Qf6 27.Rxa5 
Rxa5 28.Qxa5 h6 29.Qh5 Qe6 30.c5 Kh7 31.Kf2 g6 32.Qh4 g5 33.Qh5 Kg7 34.Ke1
Qe7 35.Qg4 Kg6 36.h4 Qe5 37.Kf2 Qf6+ 38.Kg2 Qe7 39.Kh3 Kf6 40.Qh5 Kg7 41.
hxg5 hxg5 42.Kg4 Qd7+ 43.Kxg5 Qd8+ 44.Kf4 Qxd2 45.Qe5+ Kg8 46.Qb8+ Kg7 47.
Qxb7+ Kg8 48.Qc8+ Kg7 49.Qg4+ Kh8 50.Qh5+ Kg7 51.Qe5+ Kg8 52.Qe6+ Kg7 53.
Qe7+ Kg8 54.Qxe4 Qd7 55.Qg6+ Kh8 56.Qh5+ Kg8 57.Qg4+ 1-0

[Event "VIII Festival A"]
[Site "Montecatini Terme ITA"]
[Date "1999.08.04"]
[Round "5"]
[White "Horvath, Csaba"]
[Black "Korsunsky, Yuri"]
[Result "1-0"]
[WhiteElo "2509"]
[BlackElo "2418"]
[PlyCount "121"]
[EventDate "1999.07.31"]

1.d4 Nf6 2.Nf3 g6 3.c4 c5 4.d5 b5 5.cxb5 a6 6.bxa6 Bxa6 7.Nc3 Bg7 8.e4 
Bxf1 9.Kxf1 d6 10.g3 Nbd7 11.Kg2 O-O 12.Re1 Qb6 13.h3 Qb7 14.Re2 Rfb8 15.
Bf4 Nb6 16.Rc1 Nfd7 17.e5 dxe5 18.Nxe5 Nxe5 19.Bxe5 Bxe5 20.Rxe5 Nc4 21.
Re4 Nd6 22.Re2 Nf5 23.b3 Rd8 24.Re5 Nd4 25.Qd3 Kg7 26.Na4 Rxd5 27.Qe4 Rd7 
28.Nxc5 Qxe4+ 29.Rxe4 Rd5 30.a4 e5 31.b4 f5 32.Ree1 Kf6 33.b5 Ne6 34.Nxe6 
Kxe6 35.Rc4 e4 36.Rb1 Rd2 37.b6 Rb8 38.Rc6+ Kd7 39.Rc7+ Kd6 40.Rxh7 e3 41.
Kf3 e2 42.Re1 Rxb6 43.Rxe2 Rb3+ 44.Re3 Rbb2 45.Kf4 Rd4+ 46.Kg5 Rxf2 47.Ra3
f4 48.g4 Re2 49.a5 Re3 50.Ra1 f3 51.Rf7 f2 52.Rxf2 Rxh3 53.a6 Rh8 54.a7 
Ra8 55.Rf4 Rd2 56.Kxg6 Rh2 57.Ra5 Rhh8 58.Rf6+ Kc7 59.g5 Kb7 60.Rf7+ Kb6 
61.Ra1 1-0

[Event "VIII Festival A"]
[Site "Montecatini Terme ITA"]
[Date "1999.08.04"]
[Round "5"]
[White "Horvath, Jozsef"]
[Black "Aleksic, Nenad"]
[Result "1-0"]
[WhiteElo "2526"]
[BlackElo "2421"]
[PlyCount "114"]
[EventDate "1999.07.31"]

1.d4 Nf6 2.c4 e6 3.g3 Bb4+ 4.Bd2 a5 5.Bg2 O-O 6.Nf3 b6 7.Ne5 Ra7 8.O-O d6 
9.Nd3 Bxd2 10.Qxd2 Bb7 11.Nc3 Bxg2 12.Kxg2 Nbd7 13.f3 e5 14.e4 exd4 15.Nb5
Ra8 16.Nxd4 Ne5 17.Rac1 Nxd3 18.Qxd3 Re8 19.Rfd1 Nd7 20.Qc3 Qf6 21.Nb5 Qd8
22.Rc2 Nc5 23.Rcd2 Qe7 24.b3 h6 25.Nd4 Qe5 26.Qc2 Qf6 27.Nf5 Ne6 28.Rd5 
Rad8 29.h4 Qg6 30.Kf2 Qf6 31.R1d2 Nc5 32.Kg2 Ne6 33.Ne3 Nc5 34.Rd1 Ne6 35.
Ng4 Qe7 36.Qd2 Qf8 37.Qc3 Qe7 38.Ne3 Nc5 39.Nf5 Qf8 40.h5 f6 41.Rh1 Qf7 
42.Rh4 Ne6 43.Qc2 Ng5 44.f4 Ne6 45.Rg4 Kh8 46.Rg6 Rg8 47.e5 fxe5 48.fxe5 
Rgf8 49.exd6 Rxd6 50.Rxd6 cxd6 51.Qe4 Ng5 52.Qe7 Qxe7 53.Nxe7 Re8 54.Nd5 
Re2+ 55.Kf1 Rxa2 56.Rxd6 Nf3 57.Rxb6 Rd2 {...} 1-0

[Event "VIII Festival A"]
[Site "Montecatini Terme ITA"]
[Date "1999.08.04"]
[Round "5"]
[White "Iordachescu, Viorel"]
[Black "Belotti, Bruno"]
[Result "1-0"]
[WhiteElo "2553"]
[BlackElo "2423"]
[PlyCount "59"]
[EventDate "1999.07.31"]

1.e4 c5 2.Nf3 e6 3.d4 cxd4 4.Nxd4 Nc6 5.Nc3 a6 6.Be2 d6 7.Be3 Nf6 8.g4 Be7
9.g5 Nd7 10.h4 O-O 11.f4 Re8 12.h5 Rb8 13.a3 Nxd4 14.Qxd4 b5 15.h6 e5 16.
Qd2 exf4 17.Bxf4 g6 18.Qd4 Bf8 19.Bxd6 Qxg5 20.Bxf8 Kxf8 21.Qg7+ Ke7 22.
Rf1 Rf8 23.Nd5+ Ke8 24.Rd1 Bb7 25.Nc7+ Ke7 26.Nd5+ Bxd5 27.Rxd5 Qc1+ 28.
Kf2 Qxc2 29.Rfd1 Rfd8 30.Rxd7+ 1-0

[Event "VIII Festival A"]
[Site "Montecatini Terme ITA"]
[Date "1999.08.04"]
[Round "5"]
[White "Klings, Peter"]
[Black "Sarno, Spartaco"]
[Result "0-1"]
[WhiteElo "2223"]
[BlackElo "2373"]
[PlyCount "68"]
[EventDate "1999.07.31"]

1.e4 d6 2.d4 Nf6 3.Nc3 g6 4.Nf3 Bg7 5.h3 O-O 6.Be3 a6 7.Bd3 b5 8.Ne2 Nbd7 
9.Ng3 c5 10.c3 e5 11.dxe5 dxe5 12.O-O Qc7 13.Qe2 Re8 14.Nh2 Bb7 15.Ng4 c4 
16.Bc2 Nxg4 17.hxg4 Nc5 18.b4 cxb3 19.axb3 Ne6 20.Bd2 Rac8 21.b4 Qe7 22.
Rfd1 Rc7 23.Nf1 Nf4 24.Qf3 Qh4 25.Ne3 Bc8 26.Bb3 Rc6 27.Re1 Rf6 28.g3 Nh3+
29.Kg2 Qg5 30.Nf1 Rxf3 31.Bxg5 Nxg5 32.Ne3 Rf6 33.Nd5 Rc6 34.f3 Ne6 0-1

[Event "VIII Festival A"]
[Site "Montecatini Terme ITA"]
[Date "1999.08.04"]
[Round "5"]
[White "Lagumina, Giulio"]
[Black "Campanile, Roberto"]
[Result "1/2-1/2"]
[WhiteElo "2281"]
[BlackElo "2156"]
[PlyCount "49"]
[EventDate "1999.07.31"]

1.d4 Nf6 2.c4 g6 3.Nc3 Bg7 4.e4 d6 5.f4 O-O 6.Nf3 c5 7.d5 e6 8.Be2 exd5 9.
cxd5 Re8 10.e5 dxe5 11.fxe5 Ng4 12.Bg5 Qa5 13.O-O Nxe5 14.d6 Be6 15.Nd5 
Nbd7 16.Nc7 c4 17.Be3 Bf5 18.Nxa8 Rxa8 19.Nd4 Be4 20.b3 c3 21.Bf3 Bd3 22.
Rf2 Nc5 23.Nc2 Ne4 24.Bxe4 Bxe4 25.Re2 1/2-1/2

[Event "VIII Festival A"]
[Site "Montecatini Terme ITA"]
[Date "1999.08.04"]
[Round "5"]
[White "Manca, Federico"]
[Black "Tomescu, Vlad"]
[Result "0-1"]
[WhiteElo "2373"]
[BlackElo "2453"]
[PlyCount "86"]
[EventDate "1999.07.31"]

1.e4 c5 2.c3 d5 3.exd5 Qxd5 4.d4 Nf6 5.Nf3 Bg4 6.Nbd2 e6 7.Bc4 Qd8 8.Qa4+ 
Nbd7 9.Ne5 Bf5 10.Nxd7 Nxd7 11.d5 e5 12.O-O Bd6 13.Be2 O-O 14.Nc4 Nb6 15.
Qb3 Nxc4 16.Qxc4 e4 17.f4 Qe7 18.a4 b6 19.Be3 Bd7 20.Qb3 f5 21.Bb5 a6 22.
Bxd7 Qxd7 23.Qxb6 Rfb8 24.Qc6 Qxc6 25.dxc6 Kf7 26.Rfd1 Ke6 27.b4 cxb4 28.
cxb4 Rxb4 29.Rac1 Rb3 30.Kf2 Rc8 31.Rc4 Rb2+ 32.Kf1 Rb3 33.Kf2 Rb2+ 34.Kf1
a5 35.Rdc1 Rb4 36.R4c2 Rxa4 37.c7 Rb4 38.Rc6 Ke7 39.Bb6 Bxf4 40.R1c2 a4 
41.g3 Be5 42.Ba5 Rb2 43.Rxb2 Bxb2 0-1

[Event "VIII Festival A"]
[Site "Montecatini Terme ITA"]
[Date "1999.08.04"]
[Round "5"]
[White "Mantovani, Renzo"]
[Black "Dervishi, Erald"]
[Result "0-1"]
[WhiteElo "2419"]
[BlackElo "2496"]
[PlyCount "122"]
[EventDate "1999.07.31"]

1.e4 e5 2.Nf3 Nc6 3.Nc3 Nf6 4.Bb5 Nd4 5.Nxd4 exd4 6.e5 dxc3 7.exf6 Qxf6 8.
dxc3 c6 9.Bd3 d5 10.Qe2+ Be7 11.Be3 O-O 12.Bd4 Qe6 13.O-O-O Qxe2 14.Bxe2 
Be6 15.Rhe1 Bd6 16.Bf3 Rfe8 17.Re2 f6 18.Rde1 Kf7 19.h4 a6 20.g3 Bf5 21.
Bh5+ g6 22.Bf3 Rxe2 23.Rxe2 h5 24.Kd2 Rd8 25.Bb6 Rd7 26.a4 Be4 27.Ke3 Re7 
28.Bxe4 Rxe4+ 29.Kd3 Rxa4 30.Re1 Rg4 31.Re3 c5 32.b3 c4+ 33.Ke2 Re4 34.
Rxe4 dxe4 35.Ke3 f5 36.Kd4 cxb3 37.cxb3 Ke6 38.c4 f4 39.Kxe4 fxg3 40.fxg3 
Bxg3 41.Bd8 Be5 42.Ba5 Bf6 43.Be1 g5 44.hxg5 Bxg5 45.b4 h4 46.b5 axb5 47.
cxb5 h3 48.Kf3 Bf4 49.Bf2 Kd5 50.b6 Kc4 51.Bh4 Be5 52.Bd8 Kb5 53.Bc7 Bd4 
54.Kg3 Bxb6 55.Bf4 Kc4 56.Kxh3 Bc5 57.Kg2 b5 58.Kf1 Kd3 59.Ke1 Kc2 60.Bd2 
Bd4 61.Ke2 Bc3 0-1

[Event "VIII Festival A"]
[Site "Montecatini Terme ITA"]
[Date "1999.08.04"]
[Round "5"]
[White "Martorelli, Antonio"]
[Black "Barberi, Alessandro"]
[Result "0-1"]
[WhiteElo "2322"]
[BlackElo "2180"]
[PlyCount "72"]
[EventDate "1999.07.31"]

1.e4 c5 2.Nc3 d6 3.f4 Nc6 4.Nf3 g6 5.Bc4 Bg7 6.O-O e6 7.d3 Nge7 8.Qe1 O-O 
9.f5 gxf5 10.Qh4 Ng6 11.Qh5 f4 12.Ng5 h6 13.Nxf7 Rxf7 14.Qxg6 Ne5 15.Qh5 
Nxc4 16.dxc4 Bxc3 17.bxc3 Qg5 18.Qd1 e5 19.Kh1 Qg6 20.Qd3 Bd7 21.Bd2 Rd8 
22.Rae1 Rg7 23.Rg1 Kh8 24.Ref1 Bc6 25.Re1 Rdg8 26.Re2 Qg4 27.Qxd6 Kh7 28.
Rf2 Bxe4 29.Qxe5 f3 30.g3 h5 31.Re1 Bc6 32.Qd6 Rg6 33.Qxc5 h4 34.Re5 R8g7 
35.Rh5+ Kg8 36.Qe5 Re6 0-1